000 01383nam0a2200385 i 4500
001 RU\NLR\BIBL_A\010703047
005 20241102092245.0
010 _a9785170828166
_91500
021 _aRU
_b2015-5322
_9333
035 _a(NILC)RuMoRGB-007860692
035 _a(NLR Aleph) 010703047
090 _a9730050
_c9730050
100 _a20150318d2014 m y0rusy50 ca
101 1 _arus
_ceng
102 _aRU
105 _ay|||z||||00yy
200 1 _aИстоки контркультуры
_fТеодор Рошак
_g[пер. с англ. О. А. Мышаковой]
210 _aМосква
_cАСТ
_d2014
215 _a380 с.
_d21
225 1 _aСерия "Новая философия"
300 _aНа 4-й с. обл. авт.: Теодор Рошак, проф. ун-та Беркли
333 _a16+
606 _aКонтркультура
_91362103
_3RU\NLR\AUTH\66569940
606 1 _aПротесты социальные
_92073965
_3RU\NLR\AUTH\661248925
610 0 _aмолодежная протестная культура
610 0 _aавангард
686 1 _aЮ802.283.49
686 1 _aС550.325.1
686 1 _aС550.72
700 1 _7ca
_8rus
_aРошак
_bТ.
_f1933-2011
_gТеодор
_9183039
_3RU\NLR\AUTH\770183090
801 0 _aRU
_bРГБ
_c20150115
_gRCR
942 _cBOOK
980 _aNBR